[Event "EU-Cup 23rd"]
[Site "Kemer"]
[Date "2007.10.07"]
[Round "5.5"]
[White "Kornev, Alexei"]
[Black "Lapienis, Donatas P"]
[Result "1-0"]
[WhiteElo "2532"]
[BlackElo "2292"]
[PlyCount "33"]
[EventDate "2007.10.03"]
[EventType "team-swiss"]
[EventRounds "7"]
[EventCountry "TUR"]
[SourceTitle "CBM 121"]
[Source "ChessBase"]
[SourceDate "2007.11.14"]
[SourceVersion "1"]
[SourceVersionDate "2007.11.14"]
[SourceQuality "1"]
[WhiteTeam "Saratov Economist"]
[BlackTeam "Vilnius"]
[WhiteTeamCountry "RUS"]
[BlackTeamCountry "LTU"]

1. e4 c5 2. Nf3 d6 3. Bc4 Nf6 4. d3 e6 5. Bb3 Be7 6. 0-0 0-0 7. c3 b6 8. Re1 Bb7 9. Nbd2 Nbd7 10. Nf1 Re8 11. Ng3 Ne5 12. Bf4 Nxf3+ 13. Qxf3 Qd7 14. Qe2 Rac8 15. Rad1 g6 16. h3 e5 17. Bh6 1-0

[Event "EU-Cup 22nd"]
[Site "Fuegen"]
[Date "2006.10.13"]
[Round "6.6"]
[White "Rade, Miroslav"]
[Black "Lapienis, Donatas P"]
[Result "1-0"]
[WhiteElo "2425"]
[BlackElo "2310"]
[PlyCount "85"]
[EventDate "2006.10.08"]
[EventType "team-swiss"]
[EventRounds "7"]
[EventCountry "AUT"]
[SourceTitle "CBM 115"]
[Source "ChessBase"]
[SourceDate "2006.11.15"]
[SourceVersion "1"]
[SourceVersionDate "2006.11.15"]
[SourceQuality "1"]
[WhiteTeam "Brijeg"]
[BlackTeam "Vilnius NSEL"]
[WhiteTeamCountry "BIH"]
[BlackTeamCountry "LTU"]

1. e4 c5 2. Nf3 d6 3. d4 cxd4 4. Nxd4 Nf6 5. Nc3 a6 6. Be2 e5 7. Nb3 Be7 8. 0-0 0-0 9. Kh1 Nc6 10. f4 a5 11. a4 Nb4 12. Bf3 Be6 13. g4 exf4 14. Bxf4 Ne8 15. Nd4 Bg5 16. Bg3 Bh4 17. Qe1 Bxg3 18. Qxg3 Nc6 19. Ndb5 Ne5 20. Rad1 Qb6 21. Be2 Qc5 22. g5 Rd8 23. Qg1 Nc6 24. Qxc5 dxc5 25. Rxd8 Nxd8 26. Nd5 Nc6 27. Nf4 Ne5 28. Rd1 g6 29. Kg2 Ng7 30. Rd6 Rb8 31. Nc7 Ne8 32. Nxe8 Rxe8 33. Bb5 Rf8 34. Nxe6 fxe6 35. Rxe6 Ng4 36. Kg3 Ne3 37. c3 Kg7 38. Re7+ Rf7 39. Rxf7+ Kxf7 40. Be2 Ke6 41. Kf2 Nc2 42. Bd1 Na1 43. c4 1-0

[Event "EU-Cup 22nd"]
[Site "Fuegen"]
[Date "2006.10.11"]
[Round "4.5"]
[White "Lindberg, Bo"]
[Black "Lapienis, Donatas P"]
[Result "1-0"]
[WhiteElo "2392"]
[BlackElo "2310"]
[PlyCount "59"]
[EventDate "2006.10.08"]
[EventType "team-swiss"]
[EventRounds "7"]
[EventCountry "AUT"]
[SourceTitle "CBM 115"]
[Source "ChessBase"]
[SourceDate "2006.11.15"]
[SourceVersion "1"]
[SourceVersionDate "2006.11.15"]
[SourceQuality "1"]
[WhiteTeam "Sollentuna"]
[BlackTeam "Vilnius NSEL"]
[WhiteTeamCountry "SWE"]
[BlackTeamCountry "LTU"]

1. d4 Nf6 2. Bg5 d5 3. e3 c6 4. Bxf6 exf6 5. c4 dxc4 6. Bxc4 Bd6 7. Nc3 0-0 8. Qc2 Nd7 9. Bd3 g6 10. h4 f5 11. h5 Nf6 12. hxg6 fxg6 13. Nf3 Kg7 14. 0-0-0 Qe7 15. Rh4 Be6 16. Rdh1 Bg8 17. Bxf5 gxf5 18. Qxf5 Kh8 19. Ng5 Rad8 20. Nce4 Rd7 21. Nxd6 Qxd6 22. Rh6 Rg7 23. f4 Qe7 24. R6h3 Qd7 25. Qe5 Rff7 26. Nxf7+ Qxf7 27. Qf5 Rxg2 28. d5 cxd5 29. Rh6 Rg6 30. Rxg6 1-0

[Event "EU-Cup 21st"]
[Site "Saint Vincent"]
[Date "2005.09.23"]
[Round "6.5"]
[White "Vocaturo, Daniele"]
[Black "Lapienis, Donatas P"]
[Result "1/2-1/2"]
[WhiteElo "2372"]
[BlackElo "2311"]
[PlyCount "159"]
[EventDate "2005.09.18"]
[EventType "team-swiss"]
[EventRounds "7"]
[EventCountry "ITA"]
[SourceTitle "CBM 110"]
[Source "ChessBase"]
[SourceDate "2006.01.31"]
[SourceVersion "1"]
[SourceVersionDate "2006.01.31"]
[SourceQuality "1"]
[WhiteTeam "Penne"]
[BlackTeam "Vilnius NSEL"]
[WhiteTeamCountry "ITA"]
[BlackTeamCountry "LTU"]

1. e4 c5 2. Nf3 d6 3. d4 cxd4 4. Nxd4 Nf6 5. Nc3 a6 6. Bg5 e6 7. f4 Be7 8. Qf3 Qc7 9. 0-0-0 Nbd7 10. g4 h6 11. Bxf6 Bxf6 12. h4 Nb6 13. g5 Bxd4 14. Rxd4 Bd7 15. Bh3 hxg5 16. hxg5 0-0-0 17. Rd3 Kb8 18. Rhd1 Bc6 19. Ne2 e5 20. Nc3 exf4 21. Qxf4 d5 22. Qxc7+ Kxc7 23. exd5 Nxd5 24. Nxd5+ Rxd5 25. Rxd5 Bxd5 26. Rxd5 Rxh3 27. Rf5 f6 28. gxf6 gxf6 29. Rxf6 Rh2 30. b4 Rh7 31. Kb2 b6 32. a4 Kb7 33. b5 axb5 34. axb5 Rh5 35. c4 Rh3 36. Kc2 Rg3 37. Rd6 Kc7 38. Rd3 Rg4 39. Kc3 Rh4 40. Rf3 Rh7 41. Rf6 Rd7 42. Rc6+ Kb7 43. Re6 Kc7 44. Rf6 Kb7 45. Rf5 Kc7 46. Rh5 Kb7 47. Rd5 Rh7 48. Rd3 Kc7 49. Re3 Rd7 50. Re4 Kb7 51. Rd4 Rh7 52. Kd3 Kc7 53. Rf4 Rd7+ 54. Ke4 Re7+ 55. Kd5 Rd7+ 56. Ke6 Rd6+ 57. Ke5 Rd7 58. Rf6 Re7+ 59. Re6 Rh7 60. Rc6+ Kb7 61. Rf6 Rc7 62. Kd5 Rc5+ 63. Kd4 Rh5 64. Rg6 Kc7 65. Rg7+ Kc8 66. Re7 Rc5 67. Re5 Rc7 68. Re4 Rc5 69. Kd3 Kc7 70. Kc3 Kc8 71. Kb4 Kb7 72. Re6 Rh5 73. Rc6 Rh3 74. Rd6 Kc7 75. Rd4 Rg3 76. Rf4 Rg5 77. Rf7+ Kc8 78. Ra7 Kb8 79. Rd7 Rg3 80. Rd4 1/2-1/2

[Event "EU-ch Seniors 02nd"]
[Site "Saint Vincent"]
[Date "2002.10.06"]
[Round "9"]
[White "Laco, Giuseppe"]
[Black "Lapienis, Donatas P"]
[Result "0-1"]
[WhiteElo "2136"]
[BlackElo "2287"]
[PlyCount "60"]
[EventDate "2002.09.28"]
[EventType "swiss"]
[EventRounds "9"]
[EventCountry "ITA"]
[SourceTitle "CBM 090 Extra"]
[Source "ChessBase"]
[SourceDate "2002.11.07"]
[SourceVersion "1"]
[SourceVersionDate "2002.11.07"]
[SourceQuality "1"]

1. c4 Nf6 2. Nc3 g6 3. e4 d6 4. d4 Bg7 5. f3 0-0 6. Be3 Nc6 7. Qd2 Re8 8. 0-0-0 a6 9. g4 e5 10. d5 Nd4 11. g5 Nh5 12. Kb1 c5 13. dxc6 bxc6 14. Nce2 c5 15. Ng3 Nf4 16. Bxd4 cxd4 17. h4 Rb8 18. Bd3 Re7 19. Rc1 Reb7 20. b3 a5 21. Kc2 a4 22. Rb1 Rb4 23. N1e2 Ng2 24. Nf1 Qb6 25. Nc1 Nf4 26. Kd1 axb3 27. axb3 Be6 28. Ra1 Rxb3 29. Nxb3 Qxb3+ 30. Bc2 Qxf3+ 0-1

[Event "EU-ch Seniors 02nd"]
[Site "Saint Vincent"]
[Date "2002.10.04"]
[Round "7"]
[White "Lapienis, Donatas P"]
[Black "Bukal, Vladimir Sr"]
[Result "0-1"]
[WhiteElo "2287"]
[BlackElo "2425"]
[PlyCount "76"]
[EventDate "2002.09.28"]
[EventType "swiss"]
[EventRounds "9"]
[EventCountry "ITA"]
[SourceTitle "CBM 090 Extra"]
[Source "ChessBase"]
[SourceDate "2002.11.07"]
[SourceVersion "1"]
[SourceVersionDate "2002.11.07"]
[SourceQuality "1"]

1. d4 d5 2. c4 c6 3. Nf3 Nf6 4. Nc3 a6 5. e3 b5 6. b3 Bf5 7. Be2 e6 8. 0-0 Nbd7 9. Bb2 Bd6 10. cxd5 cxd5 11. a4 b4 12. Nb1 Ne4 13. Bd3 Qf6 14. Ra2 Qh6 15. g3 f6 16. Ba1 0-0 17. Nh4 Bh3 18. Ng2 f5 19. f4 Ndf6 20. Be2 Bg4 21. Nd2 Bxe2 22. Qxe2 Nc3 23. Bxc3 bxc3 24. Nf3 Rfb8 25. Rb1 Qh5 26. Nge1 Ne4 27. Kf1 a5 28. Nd3 Rb6 29. Nf2 Rab8 30. Nxe4 fxe4 31. Ng5 Qxe2+ 32. Kxe2 Rxb3 33. Rxb3 Rxb3 34. Kd1 Rb1+ 35. Kc2 Re1 36. Kxc3 Bb4+ 37. Kc2 Rxe3 38. Nxe6 Re2+ 0-1

[Event "EU-ch Seniors 02nd"]
[Site "Saint Vincent"]
[Date "2002.10.01"]
[Round "4"]
[White "Klovans, Janis"]
[Black "Lapienis, Donatas P"]
[Result "1/2-1/2"]
[WhiteElo "2425"]
[BlackElo "2287"]
[PlyCount "38"]
[EventDate "2002.09.28"]
[EventType "swiss"]
[EventRounds "9"]
[EventCountry "ITA"]
[SourceTitle "CBM 090 Extra"]
[Source "ChessBase"]
[SourceDate "2002.11.07"]
[SourceVersion "1"]
[SourceVersionDate "2002.11.07"]
[SourceQuality "1"]

1. e4 c5 2. Nf3 d6 3. d4 cxd4 4. Nxd4 Nf6 5. Nc3 a6 6. Be3 Ng4 7. Bc1 Nf6 8. Be2 e5 9. Nb3 Be7 10. a4 0-0 11. 0-0 Nc6 12. Bg5 Be6 13. Bxf6 Bxf6 14. Nd5 Bg5 15. a5 Rc8 16. Bg4 Nd4 17. Nxd4 exd4 18. Bxe6 fxe6 19. Nb6 Rc5 1/2-1/2

[Event "EU-ch Seniors 01st"]
[Site "Saint Vincent"]
[Date "2001.09.23"]
[Round "9"]
[White "Lapienis, Donatas P"]
[Black "Chehlov, Aleksander"]
[Result "1-0"]
[WhiteElo "2311"]
[BlackElo "2267"]
[PlyCount "119"]
[EventDate "2001.09.15"]
[EventType "swiss"]
[EventRounds "9"]
[EventCountry "ITA"]
[SourceTitle "CBM 084 Extra"]
[Source "ChessBase"]
[SourceDate "2001.10.26"]
[SourceVersion "1"]
[SourceVersionDate "2001.10.26"]
[SourceQuality "1"]

1. d4 Nf6 2. c4 g6 3. Nf3 Bg7 4. g3 d6 5. Bg2 0-0 6. 0-0 Nbd7 7. Nc3 e5 8. e4 c6 9. h3 Re8 10. Be3 exd4 11. Nxd4 Nc5 12. Qc2 a5 13. Rab1 Qe7 14. Rfe1 Bd7 15. Nb3 Ne6 16. Rbd1 a4 17. Nd4 Nc5 18. f3 Bc8 19. Bf2 Nfd7 20. f4 Qd8 21. e5 dxe5 22. Nxc6 bxc6 23. Bxc5 Qa5 24. Bf2 Re6 25. fxe5 Nxe5 26. Nxa4 Re8 27. b3 Bf5 28. Qd2 Qc7 29. g4 Be6 30. Qd6 Qa5 31. Qc5 Qxc5 32. Bxc5 Ra6 33. Bf2 h6 34. Bg3 Bc8 35. Bxe5 Bxe5 36. Rxe5 Rxe5 37. Rd8+ Kg7 38. Rxc8 Re2 39. Bxc6 Ra7 40. Re8 Rxa2 41. Bd5 Rd2 42. Re3 Kf6 43. Rf3+ Kg7 44. Nc5 Rb2 45. Rf2 Rb1+ 46. Kg2 Rc7 47. Ne4 Rxb3 48. Nd6 Rb8 49. Nxf7 Re8 50. Nd6 Ree7 51. Nb5 Rc8 52. Nd4 Kh7 53. Ra2 Rf8 54. Ra6 Rb8 55. Ra2 Rb1 56. Ne6 Re1 57. Ra6 g5 58. Kf2 Re5 59. Nf8+ Kg7 60. Rg6+ 1-0

[Event "Wch Seniors 10th"]
[Site "Rowy"]
[Date "2000.09.19"]
[Round "8"]
[White "Shestoperov, Aleksej"]
[Black "Lapienis, Donatas P"]
[Result "1-0"]
[WhiteElo "2428"]
[BlackElo "2292"]
[PlyCount "95"]
[EventDate "2000.09.11"]
[EventType "swiss"]
[EventRounds "11"]
[EventCountry "POL"]
[SourceTitle "CBM 078 Extra"]
[Source "ChessBase"]
[SourceDate "2000.11.10"]
[SourceVersion "1"]
[SourceVersionDate "2000.11.10"]
[SourceQuality "1"]

1. Nf3 Nf6 2. c4 g6 3. g3 Bg7 4. Bg2 d6 5. d4 0-0 6. Nc3 Nc6 7. 0-0 Bf5 8. b3 Ne4 9. Bb2 a5 10. Na4 Bd7 11. d5 Nb4 12. Bxg7 Kxg7 13. Ne1 Bxa4 14. Bxe4 Bd7 15. Bg2 Qc8 16. Qd2 c5 17. a3 Na6 18. a4 Nb4 19. e4 Bh3 20. f4 f6 21. Nf3 Bxg2 22. Kxg2 e6 23. Rad1 Ra6 24. h4 Re8 25. e5 exd5 26. exf6+ Kxf6 27. f5 Ke7 28. f6+ Kd7 29. f7 Rf8 30. cxd5 c4 31. Rc1 Qc5 32. bxc4 Rxf7 33. Ne5+ dxe5 34. Rxf7+ Kc8 35. Rcf1 Kb8 36. Qc3 Qd4 37. Qxd4 exd4 38. Rxh7 d3 39. c5 Nxd5 40. Rf8+ Ka7 41. Rhh8 Nc7 42. Rd8 Nd5 43. Rdf8 Nc7 44. Rd8 Rc6 45. Rxd3 Rxc5 46. Rd6 g5 47. h5 g4 48. Rc8 1-0

[Event "Wch Seniors 10th"]
[Site "Rowy"]
[Date "2000.09.17"]
[Round "6"]
[White "Shabanov, Yuri"]
[Black "Lapienis, Donatas P"]
[Result "1/2-1/2"]
[WhiteElo "2486"]
[BlackElo "2292"]
[PlyCount "42"]
[EventDate "2000.09.11"]
[EventType "swiss"]
[EventRounds "11"]
[EventCountry "POL"]
[SourceTitle "CBM 078 Extra"]
[Source "ChessBase"]
[SourceDate "2000.11.10"]
[SourceVersion "1"]
[SourceVersionDate "2000.11.10"]
[SourceQuality "1"]

1. e4 c5 2. Nf3 d6 3. Bb5+ Nc6 4. 0-0 Bd7 5. Re1 Nf6 6. c3 a6 7. Bf1 Bg4 8. d3 e6 9. Nbd2 Be7 10. h3 Bh5 11. a3 d5 12. Rb1 0-0 13. g4 Bg6 14. Nh4 Qc7 15. Qe2 Bd6 16. Nxg6 hxg6 17. Nf3 Nd7 18. b4 dxe4 19. dxe4 Nde5 20. Nh4 Qe7 21. Nf3 g5 1/2-1/2

[Event "Berlin-Vilnius"]
[Site "Berlin"]
[Date "1999.06.21"]
[Round "1.9"]
[White "Lapienis, Donatas P"]
[Black "Baumbach, Friedrich"]
[Result "1-0"]
[WhiteElo "2302"]
[BlackElo "2315"]
[PlyCount "67"]
[EventDate "1999.06.21"]
[EventType "team"]
[EventRounds "2"]
[EventCountry "GER"]
[SourceTitle "EXT 2004"]
[Source "ChessBase"]
[SourceDate "2003.11.25"]
[SourceVersion "1"]
[SourceVersionDate "2003.11.25"]
[SourceQuality "1"]
[WhiteTeam "Lithuania"]
[BlackTeam "Germany"]
[WhiteTeamCountry "LTU"]
[BlackTeamCountry "GER"]

1. d4 d5 2. c4 c6 3. Nf3 Nf6 4. Nc3 e6 5. Bg5 Nbd7 6. e3 Qa5 7. cxd5 exd5 8. Bd3 Ne4 9. 0-0 Nxg5 10. Nxg5 Nf6 11. f4 Bg4 12. Qe1 Be7 13. h3 Bd7 14. a3 0-0 15. Nf3 Rad8 16. Ne5 Ne8 17. Qb1 h6 18. Rc1 b5 19. Na2 Qb6 20. Nb4 Bxb4 21. axb4 Nf6 22. Qc2 Rc8 23. Qc5 Rc7 24. Qxb6 axb6 25. Bxb5 Rfc8 26. Bd3 Be8 27. Ra3 Nd7 28. Ba6 Nxe5 29. Bxc8 Nc4 30. Ra8 Kf8 31. Bg4 Nxb2 32. Be2 Re7 33. Kf2 Re6 34. Rc2 1-0

[Event "LTU-ch"]
[Site "Vilnius"]
[Date "1999.??.??"]
[Round "?"]
[White "Grabliauskas, Virginijus"]
[Black "Lapienis, Donatas P"]
[Result "1-0"]
[WhiteElo "2445"]
[BlackElo "2302"]
[PlyCount "65"]
[EventDate "1999.??.??"]
[EventType "swiss"]
[EventRounds "9"]
[EventCountry "LTU"]
[SourceTitle "EXT 2000"]
[Source "ChessBase"]
[SourceDate "1999.11.16"]
[SourceVersion "1"]
[SourceVersionDate "1999.11.16"]
[SourceQuality "1"]

1. d4 Nf6 2. c4 g6 3. Nc3 Bg7 4. e4 d6 5. Nf3 0-0 6. Be2 e5 7. 0-0 Nc6 8. d5 Ne7 9. Ne1 Nd7 10. Be3 f5 11. f3 f4 12. Bf2 g5 13. a4 a6 14. Nd3 Rf6 15. c5 Rh6 16. cxd6 cxd6 17. a5 Qe8 18. Be1 Kh8 19. Nf2 Rg6 20. Na4 Ng8 21. Rc1 Bf6 22. Rc4 Bd8 23. Qb3 h5 24. h3 Nh6 25. Bd2 g4 26. fxg4 Qg8 27. Qc3 Bh4 28. Bxf4 hxg4 29. Nxg4 Nf6 30. Nxh6 Rxg2+ 31. Kh1 Bd7 32. Nxg8 Raxg8 33. Qf3 1-0

[Event "LTU-ch"]
[Site "Vilnius"]
[Date "1999.??.??"]
[Round "?"]
[White "Lapienis, Donatas P"]
[Black "Petuchovskij, Edgar"]
[Result "1/2-1/2"]
[WhiteElo "2302"]
[BlackElo "2097"]
[PlyCount "136"]
[EventDate "1999.??.??"]
[EventType "swiss"]
[EventRounds "9"]
[EventCountry "LTU"]
[SourceTitle "EXT 2000"]
[Source "ChessBase"]
[SourceDate "1999.11.16"]
[SourceVersion "1"]
[SourceVersionDate "1999.11.16"]
[SourceQuality "1"]

1. d4 Nf6 2. c4 c5 3. d5 b5 4. cxb5 a6 5. bxa6 Bxa6 6. Nc3 d6 7. Nf3 g6 8. g3 Bg7 9. Bg2 0-0 10. 0-0 Nbd7 11. Qc2 Qb6 12. Rd1 Rfb8 13. Rb1 Ng4 14. Bd2 Nge5 15. Nxe5 Nxe5 16. b3 Qa7 17. h3 Rb6 18. Kh2 Qb8 19. Be3 Bc8 20. Be4 Rb4 21. f4 Nd7 22. Bd2 Rb6 23. Bd3 Ba6 24. Bxa6 Rbxa6 25. a4 Nf6 26. Qd3 Ne8 27. Nb5 Nc7 28. Na3 Qb7 29. e4 R8a7 30. Nc4 f5 31. exf5 Qxd5 32. Qxd5+ Nxd5 33. fxg6 hxg6 34. Be1 Nc3 35. Bxc3 Bxc3 36. Rd3 Bd4 37. Na3 Bf6 38. Nb5 Rb7 39. Rc1 Kf7 40. h4 Rb8 41. Kh3 Rc8 42. Rc4 Ke6 43. Re4+ Kf7 44. g4 c4 45. bxc4 Rxa4 46. g5 Bg7 47. Kg3 Rcxc4 48. Rxc4 Rxc4 49. Rxd6 Rxf4 50. Kxf4 exd6 51. Nxd6+ Ke6 52. Nc4 Bd4 53. Nd2 Be5+ 54. Kg4 Kd5 55. Kf3 Bc3 56. Ne4 Bd4 57. Ng3 Ke5 58. Ne2 Bb2 59. Kg4 Ke6 60. Nf4+ Kf7 61. Kf3 Bc3 62. Nd3 Ba5 63. Ke4 Kg7 64. Kd5 Bc7 65. Ne5 Ba5 66. Ke4 Be1 67. Nf3 Bg3 68. Ke3 Kf7 1/2-1/2

[Event "LTU-ch"]
[Site "Vilnius"]
[Date "1999.??.??"]
[Round "?"]
[White "Lapienis, Donatas P"]
[Black "Piesina, Gintautas"]
[Result "1/2-1/2"]
[WhiteElo "2302"]
[BlackElo "2405"]
[PlyCount "69"]
[EventDate "1999.??.??"]
[EventType "swiss"]
[EventRounds "9"]
[EventCountry "LTU"]
[SourceTitle "EXT 2000"]
[Source "ChessBase"]
[SourceDate "1999.11.16"]
[SourceVersion "1"]
[SourceVersionDate "1999.11.16"]
[SourceQuality "1"]

1. d4 Nf6 2. c4 d6 3. Nf3 Nbd7 4. Nc3 e5 5. e4 c6 6. Be2 Be7 7. 0-0 0-0 8. Re1 Re8 9. Bf1 a6 10. Rb1 Qc7 11. b4 b6 12. Bg5 Bb7 13. h3 Bd8 14. dxe5 dxe5 15. Be3 Be7 16. Nd2 h6 17. Na4 Nh7 18. c5 b5 19. Nb6 Rad8 20. Qc1 Bg5 21. Nb3 Bxe3 22. Qxe3 Ng5 23. Red1 Nf6 24. f3 Bc8 25. Nxc8 Rxd1 26. Rxd1 Rxc8 27. Qd2 Ne6 28. Qd6 Qxd6 29. Rxd6 Kf8 30. h4 Ke7 31. g3 Ne8 32. Rd2 Rd8 33. Rxd8 Kxd8 34. Bh3 Ke7 35. Bxe6 1/2-1/2

[Event "Wch Seniors 08th"]
[Site "Grieskirchen"]
[Date "1998.11.18"]
[Round "9"]
[White "Chernikov, Oleg L"]
[Black "Lapienis, Donatas P"]
[Result "1/2-1/2"]
[WhiteElo "2405"]
[BlackElo "2305"]
[PlyCount "24"]
[EventDate "1998.11.08"]
[EventType "swiss"]
[EventRounds "11"]
[EventCountry "AUT"]
[SourceTitle "CBM 067 Extra"]
[Source "ChessBase"]
[SourceDate "1999.01.01"]
[SourceVersion "1"]
[SourceVersionDate "1999.01.01"]
[SourceQuality "1"]

1. d4 Nf6 2. Nf3 g6 3. Bg5 Bg7 4. c3 0-0 5. Nbd2 d5 6. e3 Nbd7 7. b4 c6 8. Be2 Re8 9. c4 a5 10. b5 Ne4 11. Nxe4 dxe4 12. Nd2 c5 1/2-1/2

[Event "Wch Seniors 08th"]
[Site "Grieskirchen"]
[Date "1998.11.09"]
[Round "2"]
[White "Lapienis, Donatas P"]
[Black "Richter, Kurt"]
[Result "1-0"]
[WhiteElo "2305"]
[BlackElo "2120"]
[PlyCount "115"]
[EventDate "1998.11.08"]
[EventType "swiss"]
[EventRounds "11"]
[EventCountry "AUT"]
[SourceTitle "CBM 067 Extra"]
[Source "ChessBase"]
[SourceDate "1999.01.01"]
[SourceVersion "1"]
[SourceVersionDate "1999.01.01"]
[SourceQuality "1"]

1. d4 e5 2. dxe5 Nc6 3. Nf3 Qe7 4. Nbd2 g6 5. e4 Nxe5 6. Nxe5 Qxe5 7. Bd3 Bg7 8. 0-0 d6 9. Nc4 Qe7 10. Re1 Be6 11. Be3 Qd7 12. Qd2 Ne7 13. Bh6 0-0 14. Bxg7 Kxg7 15. Rad1 Rad8 16. Qc3+ Kg8 17. Ne3 f6 18. h3 Qc6 19. Qa3 a6 20. c4 Qc5 21. Qc3 Qg5 22. Kh1 Qh4 23. Re2 Nc6 24. Rf1 Bxh3 25. gxh3 Qxh3+ 26. Kg1 Ne5 27. f4 Qg3+ 28. Kh1 Nf3 29. Rxf3 Qxf3+ 30. Ng2 c6 31. Re3 Qh5+ 32. Kg1 b5 33. Be2 Qc5 34. b4 Qb6 35. Bg4 Rde8 36. c5 dxc5 37. bxc5 Qc7 38. e5 fxe5 39. fxe5 Qe7 40. e6 Rf6 41. Qe5 Rd8 42. Rf3 Rd1+ 43. Kh2 Rxf3 44. Bxf3 Rd2 45. Kg3 Rc2 46. Bxc6 Rxc5 47. Bd5 b4 48. Ne3 Rc3 49. Kg2 h5 50. Bb3 Rxb3 51. axb3 Qg7 52. Qe4 Qe7 53. Kh1 Kh7 54. Nd5 Qg5 55. e7 Qc1+ 56. Kg2 Qb2+ 57. Kh3 Qxb3+ 58. Ne3 1-0

[Event "Vienna op-H"]
[Site "Vienna"]
[Date "1996.??.??"]
[Round "8"]
[White "Arkhangelsky, Boris Nikolaevich"]
[Black "Lapienis, Donatas P"]
[Result "0-1"]
[WhiteElo "2380"]
[BlackElo "2350"]
[PlyCount "34"]
[EventDate "1996.08.??"]
[EventType "swiss"]
[EventRounds "9"]
[EventCountry "AUT"]
[SourceTitle "EXT 2000"]
[Source "ChessBase"]
[SourceDate "1999.11.16"]
[SourceVersion "1"]
[SourceVersionDate "1999.11.16"]
[SourceQuality "1"]

1. d4 Nf6 2. c4 g6 3. Nc3 Bg7 4. e4 d6 5. Be2 0-0 6. Nf3 e5 7. 0-0 Nc6 8. d5 Ne7 9. b4 Nh5 10. Re1 f5 11. Ng5 Nf6 12. Bf3 Ne8 13. Bb2 Bf6 14. Ne6 Bxe6 15. dxe6 Ng7 16. Qb3 Kh8 17. c5 h6 0-1

[Event "LTU-ch"]
[Site "Vilnius"]
[Date "1996.??.??"]
[Round "7"]
[White "Bandza, Algirdas S"]
[Black "Lapienis, Donatas P"]
[Result "1/2-1/2"]
[WhiteElo "2380"]
[BlackElo "2335"]
[PlyCount "30"]
[EventDate "1996.??.??"]
[EventType "swiss"]
[EventRounds "9"]
[EventCountry "LTU"]
[SourceTitle "CBM 053 Extra"]
[Source "ChessBase"]
[SourceDate "1996.09.01"]
[SourceVersion "1"]
[SourceVersionDate "1996.09.01"]
[SourceQuality "1"]

1. e4 c5 2. c3 e6 3. d4 d5 4. e5 Qb6 5. Nf3 Bd7 6. Be2 Bb5 7. c4 dxc4 8. 0-0 Nc6 9. a4 Ba6 10. a5 Qb3 11. Qxb3 cxb3 12. Bxa6 bxa6 13. dxc5 Bxc5 14. Nbd2 Nge7 15. Nxb3 Bb4 1/2-1/2

[Event "LTU-ch"]
[Site "Vilnius"]
[Date "1996.??.??"]
[Round "1"]
[White "Kasparavicius, Laimutis"]
[Black "Lapienis, Donatas P"]
[Result "0-1"]
[WhiteElo "2140"]
[BlackElo "2335"]
[PlyCount "62"]
[EventDate "1996.??.??"]
[EventType "swiss"]
[EventRounds "9"]
[EventCountry "LTU"]
[SourceTitle "CBM 053 Extra"]
[Source "ChessBase"]
[SourceDate "1996.09.01"]
[SourceVersion "1"]
[SourceVersionDate "1996.09.01"]
[SourceQuality "1"]

1. d4 Nf6 2. Bg5 d6 3. Nf3 Nbd7 4. e3 e5 5. Nc3 Be7 6. Be2 0-0 7. 0-0 Re8 8. h3 c6 9. Bxf6 Bxf6 10. Ne4 Be7 11. dxe5 Nxe5 12. Nxe5 dxe5 13. Bc4 Qxd1 14. Raxd1 Bf5 15. Nd6 Bxd6 16. Rxd6 Rad8 17. Rfd1 Rxd6 18. Rxd6 Kf8 19. Rd2 Ke7 20. Kf1 a5 21. c3 h6 22. Ke1 Rb8 23. g4 Be4 24. f4 f6 25. Bd3 Bd5 26. b4 axb4 27. cxb4 Ra8 28. Bb1 Ra3 29. Re2 Bc4 30. Rd2 Rxe3+ 31. Kf2 exf4 0-1

[Event "LTU-ch"]
[Site "Vilnius"]
[Date "1996.??.??"]
[Round "9"]
[White "Lapienis, Donatas P"]
[Black "Dambrauskas, Virginijus A"]
[Result "0-1"]
[WhiteElo "2335"]
[BlackElo "2350"]
[PlyCount "46"]
[EventDate "1996.??.??"]
[EventType "swiss"]
[EventRounds "9"]
[EventCountry "LTU"]
[SourceTitle "CBM 053 Extra"]
[Source "ChessBase"]
[SourceDate "1996.09.01"]
[SourceVersion "1"]
[SourceVersionDate "1996.09.01"]
[SourceQuality "1"]

1. d4 d5 2. c4 c6 3. Nf3 e6 4. Nc3 f5 5. Bf4 Nd7 6. e3 Ngf6 7. Bd3 g6 8. 0-0 Bg7 9. Rc1 0-0 10. Qb3 Qe7 11. Rfd1 h6 12. Ne5 Nxe5 13. Bxe5 Ng4 14. Bg3 h5 15. h3 h4 16. Bxh4 Qxh4 17. hxg4 f4 18. Qc2 fxe3 19. fxe3 e5 20. cxd5 exd4 21. Ne4 cxd5 22. Qb3 Be6 23. g5 Be5 0-1

[Event "Vienna op-H"]
[Site "Vienna"]
[Date "1996.??.??"]
[Round "3"]
[White "Lapienis, Donatas P"]
[Black "Kelchner, Hans"]
[Result "0-1"]
[WhiteElo "2350"]
[BlackElo "2085"]
[PlyCount "120"]
[EventDate "1996.08.??"]
[EventType "swiss"]
[EventRounds "9"]
[EventCountry "AUT"]
[SourceTitle "EXT 2000"]
[Source "ChessBase"]
[SourceDate "1999.11.16"]
[SourceVersion "1"]
[SourceVersionDate "1999.11.16"]
[SourceQuality "1"]

1. d4 d5 2. c4 c6 3. Nf3 e6 4. Nc3 f5 5. Bf4 Nf6 6. e3 Be7 7. Bd3 0-0 8. Qc2 Nbd7 9. cxd5 Nxd5 10. Nxd5 cxd5 11. 0-0 Nf6 12. Rac1 Bd6 13. Bxd6 Qxd6 14. Ne5 a6 15. f3 Rd8 16. g4 g6 17. Qf2 Nd7 18. gxf5 exf5 19. Qh4 Re8 20. f4 Nxe5 21. fxe5 Qe7 22. Qxe7 Rxe7 23. Rc5 Be6 24. Rfc1 Kf7 25. Be2 Rd8 26. Bf3 Red7 27. R1c3 Ke7 28. Rb3 Rf8 29. Rb6 g5 30. Kf2 g4 31. Be2 h5 32. Rc3 f4 33. Rcb3 f3 34. Bf1 Rc8 35. Rxb7 Rc2+ 36. Kg3 h4+ 37. Kxh4 Rxh2+ 38. Kg3 Rh1 39. Rxd7+ Bxd7 40. Kf2 Rh2+ 41. Kg3 Rh1 42. Kf2 Bb5 43. Bxb5 axb5 44. Rxb5 Rh2+ 45. Kg3 Rg2+ 46. Kh4 f2 47. Rb7+ Ke6 48. Rb6+ Kd7 49. Rb7+ Kc6 50. Rf7 g3 51. b4 Rg1 52. a4 f1Q 53. b5+ Kb6 54. Rxf1 Rxf1 55. Kxg3 Ra1 56. Kf4 Rxa4 57. e6 Kxb5 58. Ke5 Kc6 59. e4 dxe4 60. d5+ Kc7 0-1

[Event "Vienna op-H"]
[Site "Vienna"]
[Date "1996.??.??"]
[Round "1"]
[White "Lapienis, Donatas P"]
[Black "Poeschel, W."]
[Result "1-0"]
[WhiteElo "2350"]
[BlackElo "1730"]
[PlyCount "38"]
[EventDate "1996.08.??"]
[EventType "swiss"]
[EventRounds "9"]
[EventCountry "AUT"]
[SourceTitle "EXT 2000"]
[Source "ChessBase"]
[SourceDate "1999.11.16"]
[SourceVersion "1"]
[SourceVersionDate "1999.11.16"]
[SourceQuality "1"]

1. d4 d5 2. c4 e6 3. Nc3 Nf6 4. Bg5 Be7 5. e3 0-0 6. Nf3 Nbd7 7. Qc2 h6 8. Bh4 b6 9. cxd5 exd5 10. Bd3 Bb7 11. 0-0 Rc8 12. Bf5 c5 13. Ne5 cxd4 14. Bxf6 Nxe5 15. Bxe5 dxc3 16. Bxc8 cxb2 17. Bxb7 bxa1Q 18. Bxa1 Bc5 19. Rd1 Qe7 1-0